header

Bodies in commotion (Record no. 108053)

MARC details
000 -LEADER
fixed length control field 01367nam a2200349Ia 4500
082 04 - DEWEY DECIMAL CLASSIFICATION NUMBER
Classification number 791.087
245 00 - TITLE STATEMENT
Title Bodies in commotion
260 ## - PUBLICATION, DISTRIBUTION, ETC. (IMPRINT)
Place of publication Ann Arbor, Mich. :
Name of publisher University of Michigan Press,
Year of publication c2005.
300 ## - PHYSICAL DESCRIPTION
Number of Pages viii, 339 p. :
Other physical details ill.
490 1# - SERIES STATEMENT
Series statement Corporealities
650 #0 - SUBJECT ADDED ENTRY--TOPICAL TERM
Topical Term People with disabilities and the performing arts.
Topical Term Performing arts.
700 1# - ADDED ENTRY--PERSONAL NAME
Personal name Sandahl, Carrie,
Personal name Auslander, Philip,
856 40 - ELECTRONIC LOCATION AND ACCESS
Uniform Resource Identifier http://site.ebrary.com/lib/rucke/Doc?id=10356824

No items available.

© 2026 Rongo University
Contact us: librarian | system librarian | Rongo university